| 000 -LEADER |
| fixed length control field |
nam a22 7a 4500 |
| 003 - CONTROL NUMBER IDENTIFIER |
| control field |
AKMAL |
| 005 - DATE AND TIME OF LATEST TRANSACTION |
| control field |
20200915104415.0 |
| 008 - FIXED-LENGTH DATA ELEMENTS--GENERAL INFORMATION |
| fixed length control field |
200914t20152015my e a001 0 may d |
| 020 ## - INTERNATIONAL STANDARD BOOK NUMBER |
| International Standard Book Number |
9789835211621 |
| Qualifying information |
paperback |
| Terms of availability |
RM 45.00 |
| 082 04 - DEWEY DECIMAL CLASSIFICATION NUMBER |
| Classification number |
155.9042088297 SIT |
| Edition number |
23 |
| 090 00 - LOCALLY ASSIGNED LC-TYPE CALL NUMBER (OCLC); LOCAL CALL NUMBER (RLIN) |
| Classification number (OCLC) (R) ; Classification number, CALL (RLIN) (NR) |
155.9042088297 |
| Local cutter number (OCLC) ; Book number/undivided call number, CALL (RLIN) |
SIT |
| 100 0# - MAIN ENTRY--PERSONAL NAME |
| Personal name |
Siti Norlina Muhamad, |
| Titles and words associated with a name |
Dr., |
| Relator term |
author. |
| 9 (RLIN) |
9237 |
| 245 10 - TITLE STATEMENT |
| Title |
Wanita & PENGURUSAN STRES Menurut Perspektif ISLAM / |
| Statement of responsibility, etc. |
Siti Norlina Muhamad, Farahwahida Mohd Yusof, Fariza Md Sham, Salasiah Hanin Hamjah |
| 264 #1 - PRODUCTION, PUBLICATION, DISTRIBUTION, MANUFACTURE, AND COPYRIGHT NOTICE |
| Place of production, publication, distribution, manufacture |
Johor Bahru, Johor : |
| Name of producer, publisher, distributor, manufacturer |
Penerbit UTHM, |
| Date of production, publication, distribution, manufacture, or copyright notice |
2015 |
| 264 #4 - PRODUCTION, PUBLICATION, DISTRIBUTION, MANUFACTURE, AND COPYRIGHT NOTICE |
| Date of production, publication, distribution, manufacture, or copyright notice |
©2015 |
| 300 ## - PHYSICAL DESCRIPTION |
| Extent |
viii, 126 pages ; |
| Dimensions |
23 cm |
| 500 ## - GENERAL NOTE |
| General note |
Includes index |
| 500 ## - GENERAL NOTE |
| General note |
Contains verses from the Qur'an |
| 504 ## - BIBLIOGRAPHY, ETC. NOTE |
| Bibliography, etc. note |
Bibliography: pages [113]-123 |
| 650 10 - SUBJECT ADDED ENTRY--TOPICAL TERM |
| Topical term or geographic name entry element |
Stress (Psychology) |
| General subdivision |
Religious aspects |
| -- |
Islam |
| 9 (RLIN) |
9238 |
| 650 20 - SUBJECT ADDED ENTRY--TOPICAL TERM |
| Topical term or geographic name entry element |
Stress management for women |
| 9 (RLIN) |
9239 |
| 650 20 - SUBJECT ADDED ENTRY--TOPICAL TERM |
| Topical term or geographic name entry element |
Stress management |
| 9 (RLIN) |
1069 |
| 650 20 - SUBJECT ADDED ENTRY--TOPICAL TERM |
| Topical term or geographic name entry element |
Government publications |
| Geographic subdivision |
Malaysia |
| 9 (RLIN) |
1500 |
| 700 0# - ADDED ENTRY--PERSONAL NAME |
| Personal name |
Farahwahida Mohd. Yusof, |
| Titles and other words associated with a name |
Dr., |
| Dates associated with a name |
1968- |
| Relator term |
author. |
| 9 (RLIN) |
9240 |
| 700 0# - ADDED ENTRY--PERSONAL NAME |
| Personal name |
Fariza Md. Sham, |
| Titles and other words associated with a name |
Prof. Madya, Dr., |
| Dates associated with a name |
1970-, |
| Relator term |
author. |
| 9 (RLIN) |
9241 |
| 700 0# - ADDED ENTRY--PERSONAL NAME |
| Personal name |
Salasiah Hanin Hamjah, |
| Titles and other words associated with a name |
Prof. Madya, Dr., |
| Dates associated with a name |
1971- |
| Relator term |
author. |
| 9 (RLIN) |
9242 |
| 942 ## - ADDED ENTRY ELEMENTS (KOHA) |
| Source of classification or shelving scheme |
|
| Koha item type |
Book |